Every City in Iowa on a Map - Statistics

General Stats
  • This quiz has been taken 2,091 times
    1,128 since last reset
  • The average score is 74 of 939
Answers on the Map
Answers color-coded by a green-red scale on the quiz's map according to % correct below.
 
Answer Stats
City Population % Correct
Des Moines 210,381
98%
Iowa City 75,678
86%
Cedar Rapids 135,958
82%
Sioux City 85,727
82%
Davenport 100,354
79%
Ames 65,686
72%
Dubuque 58,877
70%
Waterloo 66,606
65%
West Des Moines 72,205
65%
Council Bluffs 62,399
61%
Ankeny 74,458
56%
Cedar Falls 40,737
56%
Mason City 26,906
47%
Fort Dodge 24,591
44%
Bettendorf 39,858
42%
Ottumwa 25,252
42%
Altoona 21,698
40%
Marshalltown 27,574
40%
Clinton 24,239
39%
Urbandale 46,729
39%
Marion 42,213
38%
Washington 7,252
37%
Burlington 23,565
36%
Keokuk 9,513
36%
Pella 10,820
36%
Coralville 23,596
35%
Waukee 31,645
35%
Mount Pleasant 8,581
34%
North Liberty 21,345
34%
Johnston 24,640
33%
Muscatine 23,341
33%
Newton 15,645
33%
Clear Lake 7,567
32%
Boone 12,416
31%
Decorah 7,578
31%
Indianola 16,043
31%
Storm Lake 11,434
30%
Grimes 16,362
29%
Grinnell 9,473
29%
Iowa Falls 5,002
29%
Jefferson 4,100
29%
Clive 19,005
28%
Oskaloosa 11,448
28%
Le Mars 10,618
27%
Williams 298
26%
Carroll 10,163
25%
Fort Madison 10,053
25%
Polk City 6,303
25%
Sioux Center 8,543
25%
Waverly 10,561
25%
Nevada 6,967
24%
Okoboji 737
24%
Fairfield 9,300
23%
Knoxville 7,432
23%
Norwalk 14,873
23%
Bondurant 8,959
22%
Mount Vernon 4,552
22%
Osceola 5,568
22%
Spencer 11,451
22%
Spirit Lake 5,533
22%
Webster 95
22%
Winterset 5,374
22%
Atlantic 6,781
21%
Charles City 7,228
21%
Hiawatha 7,219
21%
Independence 6,188
21%
Monroe 2,010
21%
Story City 3,388
21%
Tiffin 6,325
21%
Williamsburg 3,351
21%
Adel 6,474
20%
Algona 5,342
20%
Dyersville 4,557
20%
Lincoln 119
20%
Manchester 5,239
20%
Maquoketa 6,051
20%
Orange City 6,397
20%
Tama 3,046
20%
Cherokee 5,167
19%
Madrid 2,799
19%
Pleasant Hill 11,617
19%
West Liberty 3,728
19%
Anamosa 5,704
18%
Centerville 5,344
18%
Dallas Center 1,966
18%
Grundy Center 2,806
18%
Creston 7,392
17%
Denver 1,946
17%
Harlan 4,891
17%
Huxley 4,634
17%
Perry 7,984
17%
Red Oak 5,461
17%
Solon 3,182
17%
Webster City 7,713
17%
Carlisle 4,326
16%
DeWitt 5,587
16%
Ida Grove 1,990
16%
Vinton 4,951
16%
Clarinda 5,305
15%
Denison 8,114
15%
Riverside 1,046
15%
Tipton 3,054
15%
Waukon 3,777
15%
West Branch 2,754
15%
What Cheer 597
15%
Adair 781
14%
Bellevue 2,320
14%
Buffalo 1,164
14%
Chariton 4,280
14%
Estherville 5,823
14%
Forest City 4,272
14%
Hampton 4,272
14%
Humboldt 4,723
14%
Lamoni 1,974
14%
Le Claire 4,744
14%
Oelwein 5,791
14%
Parkersburg 1,983
14%
Pocahontas 1,842
14%
Sac City 2,019
14%
Sheldon 5,422
14%
Toledo 2,383
14%
Brooklyn 1,464
13%
Carter Lake 3,759
13%
Cumming 501
13%
De Soto 933
13%
Fayette 1,240
13%
Gilbert 1,331
13%
Greenfield 2,033
13%
Harris 144
13%
Monticello 4,056
13%
Sergeant Bluff 5,274
13%
Shenandoah 4,884
13%
Union 381
13%
Van Meter 1,725
13%
Windsor Heights 5,067
13%
Albia 3,661
12%
Audubon 1,999
12%
Central City 1,241
12%
Emmetsburg 3,623
12%
Franklin 127
12%
Hamilton 127
12%
Hills 910
12%
Kalona 2,739
12%
Lisbon 2,208
12%
Mitchell 118
12%
Montezuma 1,432
12%
New Hampton 3,422
12%
Osage 3,537
12%
Pleasantville 1,690
12%
St. Paul 105
12%
Wapello 2,013
12%
West Burlington 3,161
12%
Clarion 2,745
11%
Colfax 2,262
11%
Colo 842
11%
Cresco 3,897
11%
Dike 1,298
11%
Eldridge 6,846
11%
Ely 2,335
11%
Fairfax 2,904
11%
Fremont 685
11%
Glenwood 5,175
11%
Granger 2,038
11%
Guthrie Center 1,579
11%
Hudson 2,772
11%
Marengo 2,404
11%
Missouri Valley 2,656
11%
Mitchellville 2,617
11%
New Hartford 556
11%
Oxford 710
11%
Robins 3,312
11%
Rock Rapids 2,706
11%
Sigourney 1,985
11%
Strawberry Point 1,147
11%
University Heights 1,187
11%
Urbana 1,627
11%
Benton 40
10%
Camanche 4,552
10%
Cambridge 828
10%
Center Point 2,549
10%
Elkader 1,197
10%
Elkhart 1,041
10%
Evansdale 4,490
10%
George 1,103
10%
Grant 84
10%
Hamburg 868
10%
Lansing 954
10%
Leon 1,817
10%
Milford 3,309
10%
Oakland 1,518
10%
Peosta 2,122
10%
Prairie City 1,712
10%
Rockwell 1,044
10%
Rome 112
10%
Shelby 728
10%
Shell Rock 1,272
10%
Walcott 1,549
10%
Aplington 1,089
9%
Arnolds Park 1,185
9%
Asbury 6,007
9%
Avoca 1,678
9%
Baxter 976
9%
Bloomfield 2,772
9%
Chester 133
9%
Clarksville 1,243
9%
Clayton 46
9%
Delaware 139
9%
Eldora 2,589
9%
Garner 3,035
9%
Greene 977
9%
Guttenberg 1,808
9%
Jesup 2,537
9%
Jewell Junction 1,183
9%
Lone Tree 1,336
9%
Marquette 432
9%
Mount Ayr 1,626
9%
Odebolt 985
9%
Onawa 2,816
9%
Palo 1,505
9%
Panora 1,083
9%
Rock Valley 4,045
9%
Sibley 2,761
9%
Sidney 1,039
9%
Slater 1,600
9%
Stuart 1,855
9%
Swisher 904
9%
Victor 852
9%
West Union 2,432
9%
Ackley 1,538
8%
Akron 1,542
8%
Alleman 434
8%
Alta 2,018
8%
Arlington 418
8%
Bedford 1,503
8%
Belle Plaine 2,340
8%
Blue Grass 1,686
8%
Cascade 2,385
8%
Charlotte 389
8%
Columbus Junction 1,771
8%
Coon Rapids 1,268
8%
Corning 1,491
8%
Danville 908
8%
Dayton 759
8%
Decatur 178
8%
Eagle Grove 3,566
8%
Farley 1,722
8%
Farmington 589
8%
Floyd 305
8%
Fredericksburg 976
8%
Greenville 68
8%
Hancock 198
8%
Hartford 725
8%
Janesville 1,051
8%
Keota 893
8%
Lake Mills 2,115
8%
La Porte City 2,259
8%
Lewis 362
8%
Logan 1,354
8%
McGregor 725
8%
Mechanicsville 992
8%
Minburn 317
8%
Mingo 313
8%
Nashua 1,503
8%
New London 1,870
8%
Northwood 2,048
8%
Ogden 1,963
8%
Plymouth 369
8%
Rockford 741
8%
Shellsburg 989
8%
Shueyville 723
8%
State Center 1,392
8%
St. Charles 643
8%
Sully 885
8%
Villisca 1,113
8%
Walnut 725
8%
Woodward 1,363
8%
Allison 942
7%
Alton 1,243
7%
Arthur 216
7%
Atkins 2,140
7%
Battle Creek 685
7%
Beaver 44
7%
Belmond 2,399
7%
Birmingham 372
7%
Brandon 333
7%
Casey 385
7%
Clare 136
7%
Correctionville 746
7%
Delhi 432
7%
Durant 1,815
7%
Earlham 1,413
7%
Eddyville 958
7%
Elk Horn 631
7%
Epworth 2,024
7%
Harper 116
7%
Hawarden 2,644
7%
Hawkeye 429
7%
Hull 2,432
7%
Keosauqua 945
7%
Lake City 1,670
7%
Lake View 1,138
7%
Manly 1,231
7%
Manson 1,656
7%
Maxwell 854
7%
Monona 1,465
7%
Plainfield 394
7%
Postville 2,415
7%
Preston 938
7%
Princeton 916
7%
Remsen 1,682
7%
Runnells 451
7%
Sioux Rapids 718
7%
Stanton 676
7%
St. Marys 114
7%
Traer 1,549
7%
Treynor 1,095
7%
Wilton 2,930
7%
Wyoming 527
7%
Ainsworth 513
6%
Alden 738
6%
Alexander 163
6%
Anita 965
6%
Aurora 166
6%
Bancroft 680
6%
Brighton 589
6%
Britt 2,004
6%
Burt 405
6%
Carson 766
6%
Collins 496
6%
Corydon 1,537
6%
Crescent 624
6%
Dakota City 756
6%
Dexter 629
6%
Dows 509
6%
Dunkerton 832
6%
Elk Run Heights 1,055
6%
Ellsworth 492
6%
Essex 717
6%
Exira 763
6%
Fairbank 1,128
6%
Geneva 135
6%
Gilbertville 791
6%
Gladbrook 781
6%
Hinton 955
6%
Holstein 1,475
6%
Jamaica 196
6%
Kellogg 596
6%
Lake Park 1,158
6%
Lakeside 686
6%
Larchwood 950
6%
Lenox 1,372
6%
Libertyville 271
6%
Lucas 174
6%
Luther 145
6%
Lynnville 383
6%
Mapleton 1,124
6%
Marcus 1,060
6%
Martensdale 411
6%
Mediapolis 1,664
6%
Moville 1,690
6%
Neola 906
6%
Newell 847
6%
North English 1,035
6%
Norway 465
6%
Orleans 508
6%
Paullina 968
6%
Primghar 884
6%
Reinbeck 1,665
6%
Riceville 804
6%
Richland 540
6%
Riverdale 377
6%
Rockwell City 2,195
6%
Roland 1,354
6%
Salem 386
6%
Sheffield 1,107
6%
Springville 1,148
6%
Steamboat Rock 261
6%
Sumner 2,031
6%
Thor 177
6%
Tripoli 1,202
6%
Underwood 959
6%
Ventura 697
6%
Walker 668
6%
Wellman 1,516
6%
West Bend 775
6%
West Okoboji 308
6%
West Point 909
6%
Afton 863
5%
Albion 441
5%
Alburnett 667
5%
Andrew 375
5%
Anthon 531
5%
Armstrong 856
5%
Auburn 258
5%
Aurelia 970
5%
Blakesburg 269
5%
Boyden 697
5%
Calamus 350
5%
Calmar 1,097
5%
Cincinnati 283
5%
Clarence 1,004
5%
Crawfordsville 278
5%
Donnellson 866
5%
Dunlap 1,035
5%
Dysart 1,261
5%
Early 581
5%
Eldon 777
5%
Elgin 674
5%
Fonda 633
5%
Goldfield 614
5%
Goose Lake 251
5%
Gowrie 935
5%
Greeley 216
5%
Harpers Ferry 270
5%
Hartley 1,570
5%
Henderson 140
5%
Inwood 957
5%
Kelley 308
5%
Kensett 255
5%
Kingsley 1,391
5%
Ladora 224
5%
Lawton 938
5%
Le Grand 894
5%
Le Roy 12
5%
Little Rock 444
5%
Maharishi Vedic City 296
5%
Malvern 1,051
5%
Manning 1,416
5%
Marysville 47
5%
Melbourne 768
5%
Middletown 364
5%
Miles 402
5%
Milton 397
5%
Montrose 727
5%
New Sharon 1,247
5%
New Virginia 493
5%
Nora Springs 1,348
5%
Orient 356
5%
Pomeroy 520
5%
Portsmouth 189
5%
Quasqueton 591
5%
Raymond 748
5%
Sabula 493
5%
Sanborn 1,444
5%
Scranton 492
5%
Sheldahl 311
5%
Sloan 1,058
5%
South English 199
5%
St. Ansgar 1,160
5%
Tabor 984
5%
Terril 316
5%
Van Horne 769
5%
Wellsburg 716
5%
West Chester 147
5%
Westfield 120
5%
Wheatland 763
5%
Whitten 98
5%
Winfield 1,014
5%
Woodbine 1,718
5%
Worthington 372
5%
Zearing 503
5%
Agency 614
4%
Albert City 626
4%
Andover 107
4%
Atalissa 287
4%
Baldwin 100
4%
Balltown 79
4%
Batavia 424
4%
Bayard 404
4%
Beacon 431
4%
Bennett 335
4%
Blairstown 704
4%
Buffalo Center 847
4%
Carbon 30
4%
Chelsea 220
4%
Churdan 357
4%
Cleghorn 236
4%
Clermont 571
4%
Coggon 686
4%
Coin 172
4%
Crystal Lake 244
4%
Cumberland 250
4%
Danbury 311
4%
Davis City 179
4%
Dawson 110
4%
Delmar 542
4%
Delta 258
4%
Derby 89
4%
Dixon 204
4%
Doon 642
4%
Dumont 618
4%
Dundee 194
4%
Durango 21
4%
Earlville 717
4%
Edgewood 910
4%
Emerson 399
4%
Everly 572
4%
Fertile 299
4%
Fort Atkinson 301
4%
Garwin 472
4%
Graettinger 813
4%
Graf 75
4%
Grand Junction 708
4%
Grand Mound 610
4%
Grandview 429
4%
Granville 303
4%
Griswold 991
4%
Guernsey 61
4%
Harvey 239
4%
Hazleton 710
4%
Holland 266
4%
Hopkinton 624
4%
Hospers 706
4%
Hubbard 837
4%
Ireton 578
4%
Joice 204
4%
Keystone 621
4%
Kimballton 282
4%
Klemme 430
4%
Lakota 261
4%
Lamont 432
4%
Latimer 471
4%
Laurens 1,249
4%
Lehigh 391
4%
Lime Springs 467
4%
Lineville 192
4%
Little Sioux 170
4%
Lovilia 460
4%
Lowden 778
4%
Macksburg 101
4%
Mallard 255
4%
Manilla 742
4%
Marble Rock 262
4%
Masonville 99
4%
Massena 355
4%
McCallsburg 354
4%
Melcher-Dallas 1,184
4%
Melrose 111
4%
Melvin 196
4%
Menlo 343
4%
Meriden 162
4%
Merrill 710
4%
Millersburg 137
4%
Milo 761
4%
Minden 591
4%
Moravia 626
4%
Murray 624
4%
New Albin 431
4%
Newhall 888
4%
New Liberty 133
4%
Oakville 192
4%
Ocheyedan 421
4%
Olds 187
4%
Olin 655
4%
Pacific Junction 101
4%
Palmer 136
4%
Parnell 189
4%
Peterson 319
4%
Pulaski 261
4%
Rake 182
4%
Rathbun 39
4%
Redfield 719
4%
Riverton 241
4%
Rock Falls 145
4%
Royal 380
4%
Rudd 348
4%
Ruthven 712
4%
Ryan 346
4%
Schleswig 803
4%
Stanhope 353
4%
Stratford 682
4%
Superior 127
4%
Swea City 547
4%
Thompson 489
4%
Titonka 487
4%
Toronto 101
4%
Truro 522
4%
University Park 475
4%
Wahpeton 341
4%
Walford 1,355
4%
Wall Lake 748
4%
Wayland 947
4%
Wesley 380
4%
Williamson 125
4%
Winthrop 818
4%
Zwingle 86
4%
Ackworth 117
3%
Allerton 432
3%
Alta Vista 217
3%
Alvord 215
3%
Arcadia 578
3%
Archer 114
3%
Ashton 432
3%
Ayrshire 129
3%
Badger 532
3%
Bagley 230
3%
Bankston 23
3%
Barnes City 151
3%
Barnum 178
3%
Bernard 116
3%
Bertram 267
3%
Blairsburg 176
3%
Blencoe 227
3%
Bode 301
3%
Bonaparte 361
3%
Bouton 126
3%
Boxholm 173
3%
Braddyville 139
3%
Brayton 137
3%
Breda 494
3%
Bridgewater 145
3%
Bristow 139
3%
Bronson 294
3%
Buckeye 82
3%
Bussey 374
3%
Callender 359
3%
Calumet 141
3%
Cantril 225
3%
Carpenter 90
3%
Castana 103
3%
Centralia 117
3%
Charter Oak 511
3%
Clearfield 282
3%
Clio 67
3%
Clutier 208
3%
Coburg 27
3%
Colesburg 383
3%
College Springs 169
3%
Columbus City 378
3%
Conrad 1,095
3%
Coulter 217
3%
Cylinder 85
3%
Deep River 249
3%
Deloit 242
3%
Diagonal 338
3%
Dickens 147
3%
Donahue 336
3%
Dow City 467
3%
Drakesville 170
3%
Duncombe 370
3%
Earling 393
3%
Elberon 179
3%
Elliott 331
3%
Elma 490
3%
Exline 158
3%
Farmersburg 266
3%
Farnhamville 370
3%
Farragut 478
3%
Fenton 253
3%
Ferguson 98
3%
Fontanelle 670
3%
Fostoria 230
3%
Fredonia 211
3%
Fruitland 930
3%
Galva 417
3%
Garden Grove 174
3%
Garnavillo 751
3%
Garrison 344
3%
Gilman 532
3%
Gilmore City 478
3%
Glidden 1,150
3%
Grafton 212
3%
Gravity 155
3%
Gray 61
3%
Hanlontown 202
3%
Hastings 157
3%
Haverhill 163
3%
Hedrick 722
3%
Hillsboro 157
3%
Holy Cross 348
3%
Houghton 136
3%
Humeston 470
3%
Ionia 219
3%
Kamrar 176
3%
Kellerton 239
3%
Lacona 334
3%
Lambs Grove 169
3%
La Motte 233
3%
Laurel 219
3%
Lawler 394
3%
Ledyard 119
3%
Leighton 150
3%
Lester 309
3%
Letts 354
3%
Linden 203
3%
Linn Grove 154
3%
Livermore 375
3%
Lockridge 240
3%
Lohrville 370
3%
Lone Rock 143
3%
Long Grove 844
3%
Lost Nation 423
3%
Low Moor 241
3%
Luana 304
3%
Lu Verne 248
3%
Luxemburg 238
3%
Luzerne 111
3%
Macedonia 263
3%
Magnolia 188
3%
Malcom 261
3%
Marne 111
3%
Martelle 247
3%
Martinsburg 109
3%
Maurice 272
3%
Maynard 468
3%
Maysville 154
3%
McCausland 311
3%
Meservey 212
3%
Modale 280
3%
Mondamin 337
3%
Monmouth 129
3%
Montour 198
3%
Moorhead 189
3%
Moorland 167
3%
Morning Sun 693
3%
Morrison 97
3%
Moulton 599
3%
Mystic 321
3%
New Providence 230
3%
New Vienna 380
3%
Nichols 328
3%
Nodaway 73
3%
North Buena Vista 108
3%
Oakland Acres 177
3%
Ollie 198
3%
Ossian 783
3%
Otho 411
3%
Oto 69
3%
Oxford Junction 424
3%
Oyens 94
3%
Packwood 180
3%
Panama 237
3%
Panorama Park 141
3%
Paton 218
3%
Patterson 175
3%
Persia 293
3%
Pierson 331
3%
Pisgah 245
3%
Plano 58
3%
Pleasanton 30
3%
Popejoy 77
3%
Prescott 183
3%
Quimby 246
3%
Radcliffe 540
3%
Ralston 77
3%
Randall 154
3%
Randolph 181
3%
Readlyn 860
3%
Reasnor 156
3%
Rhodes 270
3%
Rickardsville 203
3%
Ringsted 354
3%
Rolfe 503
3%
Rose Hill 157
3%
Rowley 266
3%
Russell 474
3%
Sageville 93
3%
Salix 299
3%
Sandyville 59
3%
Schaller 717
3%
Seymour 639
3%
Sharpsburg 70
3%
Sherrill 176
3%
Silver City 246
3%
Smithland 183
3%
Soldier 180
3%
Somers 123
3%
Spillville 372
3%
Spring Hill 68
3%
Stacyville 437
3%
Stanley 85
3%
Stanwood 620
3%
St. Donatus 119
3%
St. Lucas 167
3%
Stockton 172
3%
St. Olaf 102
3%
Sutherland 625
3%
Templeton 341
3%
Thornton 393
3%
Thurman 163
3%
Turin 70
3%
Udell 30
3%
Unionville 74
3%
Ute 330
3%
Vail 376
3%
Vincent 124
3%
Vining 52
3%
Volga 201
3%
Wadena 204
3%
Wallingford 156
3%
Washta 205
3%
Waterville 111
3%
Webb 139
3%
Welton 127
3%
Westside 277
3%
Westwood 100
3%
Whittemore 479
3%
Wiota 91
3%
Woden 181
3%
Yale 264
3%
Yorktown 62
3%
Aredale 59
2%
Arion 95
2%
Arispe 94
2%
Aspinwall 34
2%
Beaconsfield 15
2%
Beaman 159
2%
Berkley 21
2%
Bevington 59
2%
Blanchard 29
2%
Blockton 125
2%
Bradgate 74
2%
Brunsville 129
2%
Buck Grove 34
2%
Castalia 139
2%
Chatsworth 74
2%
Chillicothe 78
2%
Clemons 133
2%
Colwell 57
2%
Conesville 346
2%
Conway 16
2%
Coppock 36
2%
Corwith 260
2%
Cotter 37
2%
Craig 76
2%
Cromwell 103
2%
Curlew 39
2%
Cushing 223
2%
Dana 34
2%
Dedham 221
2%
Defiance 245
2%
Dolliver 64
2%
Dougherty 61
2%
East Peru 118
2%
Elkport 28
2%
Floris 114
2%
Fraser 102
2%
Frederika 206
2%
Galt 22
2%
Garber 79
2%
Gibson 58
2%
Goodell 140
2%
Grand River 197
2%
Gruver 62
2%
Halbur 268
2%
Hansell 82
2%
Harcourt 255
2%
Hardy 53
2%
Hartwick 90
2%
Havelock 125
2%
Hayesville 44
2%
Hepburn 26
2%
Hornick 251
2%
Imogene 38
2%
Irwin 320
2%
Jackson Junction 39
2%
Kanawha 639
2%
Keomah Village 109
2%
Keswick 238
2%
Kinross 77
2%
Kirkman 60
2%
Kirkville 157
2%
Kiron 257
2%
Knierim 53
2%
Lanesboro 114
2%
Larrabee 123
2%
Leland 245
2%
Lidderdale 163
2%
Liscomb 291
2%
Lorimor 376
2%
Lytton 274
2%
Marathon 221
2%
Matlock 77
2%
McClelland 145
2%
McIntire 116
2%
Millerton 43
2%
Morley 94
2%
Mount Auburn 163
2%
Nemaha 66
2%
New Market 387
2%
Northboro 52
2%
North Washington 108
2%
Numa 70
2%
Onslow 196
2%
Orchard 67
2%
Osterdock 43
2%
Ottosen 41
2%
Owasa 30
2%
Pilot Mound 158
2%
Pleasant Plain 80
2%
Plover 53
2%
Prairieburg 155
2%
Promise City 91
2%
Protivin 260
2%
Redding 64
2%
Rembrandt 201
2%
Renwick 228
2%
Ricketts 105
2%
Ridgeway 265
2%
Rinard 35
2%
Rippey 214
2%
Rodman 29
2%
Rodney 43
2%
Rossie 47
2%
Rowan 119
2%
Rutland 116
2%
Scarville 78
2%
Searsboro 127
2%
Shambaugh 161
2%
Shannon City 72
2%
Spragueville 90
2%
Springbrook 145
2%
St. Anthony 76
2%
Stockport 275
2%
Stout 192
2%
Struble 67
2%
Swaledale 139
2%
Tennant 83
2%
Thayer 48
2%
Thornburg 47
2%
Tingley 135
2%
Truesdale 63
2%
Valeria 39
2%
Van Wert 179
2%
Waucoma 227
2%
Weldon 138
2%
Westgate 190
2%
Westphalia 134
2%
Whiting 727
2%
Willey 71
2%
Woodburn 141
2%
Woolstock 140
2%
Yetter 19
2%
Bassett 42
1%
Ellston 21
1%
Gillett Grove 32
1%
Jolley 29
1%
Maloy 26
1%
Varina 67
1%
No matching quizzes found
Score Distribution
Percent of People with Each Score
Percentile by Number Answered
Your Score History
You have not taken this quiz since the last reset